[Event "DEM U16w 2023"]
[Site "Willingen GER"]
[Date "2023.06.01"]
[Round "7"]
[White "Peglau, Dora"]
[Black "Nguyen, Jenny Ha-Linh"]
[Result "1-0"]
[Termination "normal"]
[Board "2"]
[WhiteElo "2002"]
[BlackElo "1554"]
[WhiteClock "00:04:48"]
[BlackClock "00:15:45"]
[PlyCount "101"]
[WhiteFideId "16220005"]
[BlackFideId "16209729"]
[EventCountry "GER"]
[EventRounds "9"]
[EventType "swiss"]
[EventDate "2023.05.27"]

1. d4 {[%clk 01:30:55]} {[%emt 00:00:02]} Nf6 {[%clk 01:30:54]} {[%emt
00:00:09]} 2. Bg5 {[%clk 01:31:11]} {[%emt 00:00:14]} g6 {[%clk 01:30:43]}
{[%emt 00:00:40]} 3. Bxf6 {[%clk 01:31:30]} {[%emt 00:00:11]} exf6 {[%clk
01:31:10]} {[%emt 00:00:03]} 4. e3 {[%clk 01:31:35]} {[%emt 00:00:24]} Bg7
{[%clk 01:31:03]} {[%emt 00:00:36]} 5. c4 {[%clk 01:31:42]} {[%emt 00:00:23]}
O-O {[%clk 01:30:46]} {[%emt 00:00:48]} 6. Nc3 {[%clk 01:31:49]} {[%emt
00:00:24]} d6 {[%clk 01:28:30]} {[%emt 00:02:47]} 7. Bd3 {[%clk 01:31:26]}
{[%emt 00:00:52]} Nc6 {[%clk 01:27:08]} {[%emt 00:01:53]} 8. a3 {[%clk
01:30:26]} {[%emt 00:01:30]} Re8 {[%clk 01:23:32]} {[%emt 00:04:06]} 9. Nge2
{[%clk 01:29:39]} {[%emt 00:01:16]} Bg4 {[%clk 01:19:36]} {[%emt 00:04:26]} 10.
O-O {[%clk 01:25:30]} {[%emt 00:04:40]} Bxe2 {[%clk 01:12:44]} {[%emt
00:07:22]} 11. Nxe2 {[%clk 01:23:02]} {[%emt 00:02:57]} f5 {[%clk 01:12:34]}
{[%emt 00:00:41]} 12. b4 {[%clk 01:18:40]} {[%emt 00:04:51]} a6 {[%clk
01:01:52]} {[%emt 00:11:12]} 13. Qb3 {[%clk 01:14:19]} {[%emt 00:04:51]} Qd7
{[%clk 00:57:39]} {[%emt 00:04:44]} 14. c5 {[%clk 01:06:29]} {[%emt 00:08:19]}
d5 {[%clk 00:54:37]} {[%emt 00:03:33]} 15. a4 {[%clk 01:03:12]} {[%emt
00:03:47]} a5 {[%clk 00:44:26]} {[%emt 00:10:40]} 16. b5 {[%clk 01:00:25]}
{[%emt 00:03:18]} Ne7 {[%clk 00:43:51]} {[%emt 00:01:05]} 17. b6 {[%clk
00:54:53]} {[%emt 00:06:01]} c6 {[%clk 00:37:19]} {[%emt 00:07:02]} 18. Qc3
{[%clk 00:49:49]} {[%emt 00:05:34]} g5 {[%clk 00:35:17]} {[%emt 00:02:31]} 19.
Qd2 {[%clk 00:37:46]} {[%emt 00:12:32]} Qe6 {[%clk 00:30:52]} {[%emt 00:04:56]}
20. Bc2 {[%clk 00:30:43]} {[%emt 00:07:33]} Ng6 {[%clk 00:26:08]} {[%emt
00:05:15]} 21. Rae1 {[%clk 00:27:25]} {[%emt 00:03:48]} Qf6 {[%clk 00:24:26]}
{[%emt 00:02:12]} 22. Ng3 {[%clk 00:25:12]} {[%emt 00:02:42]} f4 {[%clk
00:21:25]} {[%emt 00:03:32]} 23. Nh5 {[%clk 00:24:56]} {[%emt 00:00:47]} Qd8
{[%clk 00:20:12]} {[%emt 00:01:43]} 24. exf4 {[%clk 00:20:02]} {[%emt
00:05:23]} Rxe1 {[%clk 00:20:35]} {[%emt 00:00:07]} 25. Rxe1 {[%clk 00:20:13]}
{[%emt 00:00:19]} gxf4 {[%clk 00:20:44]} {[%emt 00:00:22]} 26. Bxg6 {[%clk
00:19:11]} {[%emt 00:01:32]} hxg6 {[%clk 00:21:09]} {[%emt 00:00:05]} 27. Nxg7
{[%clk 00:19:32]} {[%emt 00:00:08]} Kxg7 {[%clk 00:21:33]} {[%emt 00:00:06]}
28. Qxf4 {[%clk 00:19:51]} {[%emt 00:00:11]} Qb8 {[%clk 00:19:14]} {[%emt
00:02:50]} 29. Qg5 {[%clk 00:18:53]} {[%emt 00:01:27]} Qd8 {[%clk 00:18:35]}
{[%emt 00:01:10]} 30. Qxd8 {[%clk 00:10:03]} {[%emt 00:09:19]} Rxd8 {[%clk
00:18:53]} {[%emt 00:00:12]} 31. Re7 {[%clk 00:10:27]} {[%emt 00:00:06]} Rb8
{[%clk 00:19:10]} {[%emt 00:00:13]} 32. f3 {[%clk 00:08:58]} {[%emt 00:01:58]}
Kf6 {[%clk 00:19:28]} {[%emt 00:00:12]} 33. Rc7 {[%clk 00:09:07]} {[%emt
00:00:21]} Ke6 {[%clk 00:19:09]} {[%emt 00:00:50]} 34. Kf2 {[%clk 00:09:13]}
{[%emt 00:00:23]} g5 {[%clk 00:17:20]} {[%emt 00:02:20]} 35. h3 {[%clk
00:06:01]} {[%emt 00:03:42]} Kf6 {[%clk 00:14:55]} {[%emt 00:02:54]} 36. f4
{[%clk 00:05:44]} {[%emt 00:00:47]} gxf4 {[%clk 00:15:03]} {[%emt 00:00:22]}
37. Kf3 {[%clk 00:06:08]} {[%emt 00:00:06]} Kg6 {[%clk 00:15:27]} {[%emt
00:00:07]} 38. Kxf4 {[%clk 00:06:20]} {[%emt 00:00:17]} Kf6 {[%clk 00:14:04]}
{[%emt 00:01:54]} 39. h4 {[%clk 00:04:48]} {[%emt 00:02:03]} Kg6 {[%clk
00:14:24]} {[%emt 00:00:10]} 40. g4 {[%clk 00:03:57]} {[%emt 00:01:21]} Kf6
{[%clk 00:13:45]} {[%emt 00:01:09]} 41. h5 {[%clk 00:03:14]} {[%emt 00:01:12]}
Kg7 {[%emt 00:01:48]} 42. Kf5 {[%clk 00:03:10]} {[%emt 00:00:26]} Kg8 {[%clk
00:12:52]} {[%emt 00:00:12]} 43. Kf6 {[%clk 00:03:01]} {[%emt 00:00:40]} Kf8
{[%clk 00:13:17]} {[%emt 00:00:06]} 44. Rxf7+ {[%clk 00:03:19]} {[%emt
00:00:11]} Kg8 {[%clk 00:13:39]} {[%emt 00:00:07]} 45. h6 {[%clk 00:03:11]}
{[%emt 00:00:39]} Kh8 {[%clk 00:13:45]} {[%emt 00:00:24]} 46. g5 {[%clk
00:03:28]} {[%emt 00:00:13]} Kg8 {[%clk 00:14:08]} {[%emt 00:00:06]} 47. g6
{[%clk 00:03:41]} {[%emt 00:00:17]} Kh8 {[%clk 00:14:35]} {[%emt 00:00:03]} 48.
g7+ {[%clk 00:03:54]} {[%emt 00:00:18]} Kg8 {[%clk 00:14:58]} {[%emt 00:00:05]}
49. Rf8+ {[%clk 00:04:08]} {[%emt 00:00:19]} Rxf8+ {[%clk 00:15:18]} {[%emt
00:00:10]} 50. gxf8=Q+ {[%clk 00:04:29]} {[%emt 00:00:07]} Kxf8 {[%clk
00:15:45]} {[%emt 00:00:03]} 51. h7 {[%clk 00:04:48]} {[%emt 00:00:12]} 1-0

[Event "DEM U16w 2023"]
[Site "Willingen GER"]
[Date "2023.06.01"]
[Round "7"]
[White "Prinzen, Siri Marleen"]
[Black "Trunz, Michelle"]
[Result "0-1"]
[Termination "normal"]
[Board "3"]
[WhiteElo "1724"]
[BlackElo "1972"]
[WhiteClock "00:30:10"]
[BlackClock "01:01:24"]
[PlyCount "86"]
[WhiteFideId "16265912"]
[BlackFideId "16227980"]
[EventCountry "GER"]
[EventRounds "9"]
[EventType "swiss"]
[EventDate "2023.05.27"]

1. d4 {[%clk 01:30:58]} {[%emt 00:00:02]} d5 {[%clk 01:30:54]} {[%emt
00:00:07]} 2. Bf4 {[%clk 01:31:23]} {[%emt 00:00:05]} Nf6 {[%clk 01:31:06]}
{[%emt 00:00:18]} 3. e3 {[%clk 01:31:46]} {[%emt 00:00:06]} e6 {[%clk
01:31:06]} {[%emt 00:00:31]} 4. Nd2 {[%clk 01:31:56]} {[%emt 00:00:20]} c5
{[%clk 01:29:10]} {[%emt 00:02:26]} 5. c3 {[%clk 01:31:55]} {[%emt 00:00:31]}
Bd6 {[%clk 01:27:10]} {[%emt 00:02:30]} 6. Bg3 {[%clk 01:30:21]} {[%emt
00:02:04]} O-O {[%clk 01:27:05]} {[%emt 00:00:36]} 7. Ngf3 {[%clk 01:29:03]}
{[%emt 00:01:47]} b6 {[%clk 01:26:14]} {[%emt 00:01:21]} 8. Ne5 {[%clk
01:23:47]} {[%emt 00:05:45]} Bb7 {[%clk 01:25:56]} {[%emt 00:00:49]} 9. Bd3
{[%clk 01:21:53]} {[%emt 00:02:24]} Nc6 {[%clk 01:25:10]} {[%emt 00:01:17]} 10.
Ndf3 {[%clk 01:17:14]} {[%emt 00:05:09]} Ne7 {[%clk 01:24:26]} {[%emt
00:01:14]} 11. Bh4 {[%clk 01:07:19]} {[%emt 00:10:24]} Ne4 {[%clk 01:23:58]}
{[%emt 00:00:59]} 12. Nd2 {[%clk 00:55:09]} {[%emt 00:12:40]} f6 {[%clk
01:22:55]} {[%emt 00:01:32]} 13. Nef3 {[%clk 00:52:45]} {[%emt 00:02:53]} Qc7
{[%clk 01:13:03]} {[%emt 00:10:24]} 14. Qc2 {[%clk 00:48:41]} {[%emt 00:04:33]}
Qc6 {[%clk 01:09:50]} {[%emt 00:03:43]} 15. Bg3 {[%clk 00:46:06]} {[%emt
00:03:04]} Nf5 {[%clk 01:08:58]} {[%emt 00:01:22]} 16. Bxd6 {[%clk 00:45:21]}
{[%emt 00:01:15]} Nfxd6 {[%clk 01:09:14]} {[%emt 00:00:14]} 17. h4 {[%clk
00:40:37]} {[%emt 00:05:14]} Rae8 {[%clk 01:07:02]} {[%emt 00:02:42]} 18. h5
{[%clk 00:33:01]} {[%emt 00:08:06]} e5 {[%clk 01:05:48]} {[%emt 00:01:46]} 19.
h6 {[%clk 00:30:58]} {[%emt 00:02:32]} g6 {[%clk 01:05:28]} {[%emt 00:00:51]}
20. dxc5 {[%clk 00:28:17]} {[%emt 00:03:11]} bxc5 {[%clk 01:01:36]} {[%emt
00:04:22]} 21. Nh4 {[%clk 00:26:05]} {[%emt 00:02:41]} f5 {[%clk 01:00:03]}
{[%emt 00:02:04]} 22. f3 {[%clk 00:23:46]} {[%emt 00:02:48]} Nxd2 {[%clk
01:00:03]} {[%emt 00:00:31]} 23. Kxd2 {[%clk 00:20:28]} {[%emt 00:03:48]} e4
{[%clk 00:55:17]} {[%emt 00:05:17]} 24. Be2 {[%clk 00:18:35]} {[%emt 00:02:21]}
g5 {[%clk 00:54:44]} {[%emt 00:01:05]} 25. f4 {[%clk 00:18:51]} {[%emt
00:00:14]} gxh4 {[%clk 00:54:36]} {[%emt 00:00:39]} 26. Rxh4 {[%clk 00:19:04]}
{[%emt 00:00:16]} Nc4+ {[%clk 00:54:43]} {[%emt 00:00:24]} 27. Bxc4 {[%clk
00:18:39]} {[%emt 00:00:54]} dxc4 {[%clk 00:55:08]} {[%emt 00:00:06]} 28. Rg1
{[%clk 00:17:53]} {[%emt 00:01:14]} Qd5+ {[%clk 00:53:47]} {[%emt 00:01:52]}
29. Kc1 {[%clk 00:17:55]} {[%emt 00:00:29]} Qd3 {[%clk 00:53:53]} {[%emt
00:00:24]} 30. Qf2 {[%clk 00:17:46]} {[%emt 00:00:38]} Qd6 {[%clk 00:52:07]}
{[%emt 00:02:16]} 31. g4 {[%clk 00:17:33]} {[%emt 00:00:43]} Kh8 {[%clk
00:52:05]} {[%emt 00:00:33]} 32. gxf5 {[%clk 00:15:44]} {[%emt 00:02:18]} Rg8
{[%clk 00:51:14]} {[%emt 00:01:21]} 33. Rd1 {[%clk 00:13:59]} {[%emt 00:02:15]}
Qf6 {[%clk 00:50:37]} {[%emt 00:01:08]} 34. Rh5 {[%clk 00:13:58]} {[%emt
00:00:30]} Bc8 {[%clk 00:50:22]} {[%emt 00:00:46]} 35. Rd5 {[%clk 00:12:23]}
{[%emt 00:02:05]} Rd8 {[%clk 00:49:29]} {[%emt 00:01:23]} 36. Qd2 {[%clk
00:09:36]} {[%emt 00:03:17]} Bb7 {[%clk 00:44:55]} {[%emt 00:05:03]} 37. Rxd8
{[%clk 00:06:03]} {[%emt 00:04:03]} Rxd8 {[%clk 00:44:40]} {[%emt 00:00:46]}
38. Qc2 {[%clk 00:06:07]} {[%emt 00:00:25]} Bc6 {[%clk 00:43:14]} {[%emt
00:01:56]} 39. Qg2 {[%clk 00:05:04]} {[%emt 00:01:32]} Ba4 {[%clk 00:41:46]}
{[%emt 00:01:59]} 40. Rh1 {[%clk 00:04:04]} {[%emt 00:01:29]} Rg8 {[%clk
00:39:38]} {[%emt 00:02:39]} 41. Qe2 {[%clk 00:03:24]} {[%emt 00:01:09]} Bb5
{[%clk 00:36:40]} {[%emt 00:03:28]} 42. Rh5 {[%clk 00:30:04]} {[%emt 00:03:50]}
Rg1+ {[%clk 01:06:07]} {[%emt 00:01:04]} 43. Kc2 {[%clk 00:30:10]} {[%emt
00:00:22]} Qa6 {[%clk 01:01:24]} {[%emt 00:05:13]} 0-1

[Event "DEM U16w 2023"]
[Site "Willingen GER"]
[Date "2023.06.01"]
[Round "7"]
[White "Fetahovic, Sarah"]
[Black "Sereda, Yaroslava"]
[Result "0-1"]
[Termination "normal"]
[Board "4"]
[WhiteElo "1423"]
[BlackElo "1890"]
[WhiteClock "00:06:45"]
[BlackClock "00:07:16"]
[PlyCount "101"]
[WhiteFideId "34601546"]
[BlackFideId "14178940"]
[EventCountry "GER"]
[EventRounds "9"]
[EventType "swiss"]
[EventDate "2023.05.27"]

1. e4 {[%clk 01:30:57]} {[%emt 00:00:02]} c5 {[%clk 01:30:53]} {[%emt
00:00:08]} 2. Nf3 {[%clk 01:31:15]} {[%emt 00:00:12]} Nc6 {[%clk 01:31:13]}
{[%emt 00:00:10]} 3. Bb5 {[%clk 01:31:23]} {[%emt 00:00:21]} Qc7 {[%clk
01:31:12]} {[%emt 00:00:32]} 4. Bxc6 {[%clk 01:28:39]} {[%emt 00:03:15]} Qxc6
{[%clk 01:31:29]} {[%emt 00:00:12]} 5. Nc3 {[%clk 01:28:21]} {[%emt 00:00:48]}
e6 {[%clk 01:26:02]} {[%emt 00:05:58]} 6. d4 {[%clk 01:22:11]} {[%emt
00:06:39]} cxd4 {[%clk 01:17:52]} {[%emt 00:08:40]} 7. Nxd4 {[%clk 01:20:28]}
{[%emt 00:02:13]} Qb6 {[%clk 01:09:27]} {[%emt 00:08:55]} 8. O-O {[%clk
01:13:36]} {[%emt 00:07:22]} d6 {[%clk 01:06:59]} {[%emt 00:02:58]} 9. Be3
{[%clk 01:00:53]} {[%emt 00:13:13]} Qd8 {[%clk 01:01:06]} {[%emt 00:06:23]} 10.
Qd2 {[%clk 00:48:59]} {[%emt 00:12:24]} Be7 {[%clk 00:54:14]} {[%emt 00:07:22]}
11. Rad1 {[%clk 00:45:11]} {[%emt 00:04:18]} a6 {[%clk 00:52:50]} {[%emt
00:01:54]} 12. f3 {[%clk 00:24:27]} {[%emt 00:21:14]} Nf6 {[%clk 00:50:48]}
{[%emt 00:02:33]} 13. Nde2 {[%clk 00:19:15]} {[%emt 00:05:41]} O-O {[%clk
00:47:01]} {[%emt 00:04:17]} 14. Kh1 {[%clk 00:15:33]} {[%emt 00:04:12]} Qc7
{[%clk 00:43:29]} {[%emt 00:04:03]} 15. Nf4 {[%clk 00:12:38]} {[%emt 00:03:25]}
b5 {[%clk 00:35:43]} {[%emt 00:08:16]} 16. a3 {[%clk 00:11:20]} {[%emt
00:01:48]} Bb7 {[%clk 00:34:50]} {[%emt 00:01:23]} 17. Qf2 {[%clk 00:10:36]}
{[%emt 00:01:13]} Nd7 {[%clk 00:29:09]} {[%emt 00:06:11]} 18. Qg3 {[%clk
00:05:54]} {[%emt 00:05:12]} Nf6 {[%clk 00:25:04]} {[%emt 00:04:35]} 19. Rd2
{[%clk 00:04:10]} {[%emt 00:02:13]} Qc4 {[%clk 00:21:39]} {[%emt 00:03:55]} 20.
Rfd1 {[%clk 00:03:29]} {[%emt 00:01:11]} a5 {[%clk 00:21:02]} {[%emt 00:01:08]}
21. Rd4 {[%clk 00:02:53]} {[%emt 00:01:06]} Qc6 {[%clk 00:20:43]} {[%emt
00:00:49]} 22. R4d2 {[%clk 00:02:34]} {[%emt 00:00:48]} b4 {[%clk 00:19:53]}
{[%emt 00:01:20]} 23. Nce2 {[%clk 00:02:00]} {[%emt 00:01:04]} bxa3 {[%clk
00:16:17]} {[%emt 00:04:07]} 24. bxa3 {[%clk 00:01:49]} {[%emt 00:00:41]} Ba6
{[%clk 00:14:59]} {[%emt 00:01:48]} 25. Nd4 {[%clk 00:01:04]} {[%emt 00:01:15]}
Qc4 {[%clk 00:09:08]} {[%emt 00:06:20]} 26. h4 {[%clk 00:01:18]} {[%emt
00:00:16]} Kh8 {[%clk 00:08:48]} {[%emt 00:00:51]} 27. Kh2 {[%clk 00:00:41]}
{[%emt 00:01:06]} Qc3 {[%clk 00:07:49]} {[%emt 00:01:29]} 28. Qf2 {[%clk
00:00:32]} {[%emt 00:00:39]} Qc4 {[%clk 00:06:04]} {[%emt 00:02:16]} 29. Nb3
{[%clk 00:00:43]} {[%emt 00:00:18]} a4 {[%clk 00:05:28]} {[%emt 00:01:07]} 30.
Nc1 {[%clk 00:00:35]} {[%emt 00:00:38]} Bb7 {[%clk 00:04:43]} {[%emt 00:01:15]}
31. Rd4 {[%clk 00:00:34]} {[%emt 00:00:31]} Qc7 {[%clk 00:04:21]} {[%emt
00:00:52]} 32. Rb4 {[%clk 00:00:33]} {[%emt 00:00:31]} d5 {[%clk 00:03:56]}
{[%emt 00:00:55]} 33. Rb1 {[%clk 00:00:43]} {[%emt 00:00:20]} dxe4 {[%clk
00:04:16]} {[%emt 00:00:10]} 34. Kg1 {[%clk 00:00:40]} {[%emt 00:00:32]} exf3
{[%clk 00:04:31]} {[%emt 00:00:16]} 35. gxf3 {[%clk 00:01:05]} {[%emt
00:00:05]} Bxa3 {[%clk 00:04:17]} {[%emt 00:00:43]} 36. Ncd3 {[%clk 00:00:37]}
{[%emt 00:00:59]} Nd5 {[%clk 00:02:45]} {[%emt 00:02:02]} 37. Nh5 {[%clk
00:00:33]} {[%emt 00:00:34]} Nxe3 {[%clk 00:01:45]} {[%emt 00:01:30]} 38. Qxe3
{[%clk 00:00:57]} {[%emt 00:00:05]} Qe7 {[%clk 00:00:40]} {[%emt 00:01:35]} 39.
Nxg7 {[%clk 00:00:37]} {[%emt 00:00:51]} Rg8 {[%clk 00:00:43]} {[%emt
00:00:27]} 40. Qe5 {[%clk 00:00:33]} {[%emt 00:00:34]} Rxg7+ {[%clk 00:01:02]}
{[%emt 00:00:11]} 41. Kf2 {[%clk 00:27:25]} {[%emt 00:03:36]} Qxh4+ {[%clk
00:21:55]} {[%emt 00:09:38]} 42. Ke2 {[%clk 00:24:04]} {[%emt 00:03:50]} f6
{[%clk 00:20:43]} {[%emt 00:01:43]} 43. Qxe6 {[%clk 00:22:17]} {[%emt
00:02:17]} Rg2+ {[%clk 00:13:36]} {[%emt 00:07:38]} 44. Ke3 {[%clk 00:19:07]}
{[%emt 00:03:40]} Qg5+ {[%clk 00:13:46]} {[%emt 00:00:20]} 45. Nf4 {[%clk
00:12:56]} {[%emt 00:06:41]} Bc5+ {[%clk 00:13:54]} {[%emt 00:00:23]} 46. Kd3
{[%clk 00:12:52]} {[%emt 00:00:34]} Qxf4 {[%clk 00:13:30]} {[%emt 00:00:54]}
47. Kc3 {[%clk 00:12:12]} {[%emt 00:01:10]} Bxf3 {[%clk 00:12:13]} {[%emt
00:01:46]} 48. Rd3 {[%clk 00:08:34]} {[%emt 00:04:08]} Be4 {[%clk 00:06:56]}
{[%emt 00:05:48]} 49. Rbd1 {[%clk 00:06:25]} {[%emt 00:02:39]} Bxd3 {[%clk
00:06:55]} {[%emt 00:00:31]} 50. Rxd3 {[%clk 00:06:45]} {[%emt 00:00:10]} Qb4#
{[%clk 00:07:16]} {[%emt 00:00:08]} 51. Kd4 {[%emt 00:00:21]} 0-1

[Event "DEM U16w 2023"]
[Site "Willingen GER"]
[Date "2023.06.01"]
[Round "7"]
[White "Fischer, Darja"]
[Black "Wilmink, Anna"]
[Result "1/2-1/2"]
[Termination "normal"]
[Board "5"]
[WhiteElo "1847"]
[BlackElo "1734"]
[WhiteClock "00:21:33"]
[BlackClock "00:38:56"]
[PlyCount "61"]
[WhiteFideId "16240898"]
[BlackFideId "16273680"]
[EventCountry "GER"]
[EventRounds "9"]
[EventType "swiss"]
[EventDate "2023.05.27"]

1. d4 {[%clk 01:30:59]} Nf6 {[%clk 01:30:55]} {[%emt 00:00:05]} 2. c4 {[%clk
01:31:25]} {[%emt 00:00:04]} e6 {[%clk 01:31:20]} {[%emt 00:00:05]} 3. Nf3
{[%clk 01:31:52]} {[%emt 00:00:03]} d5 {[%clk 01:31:45]} {[%emt 00:00:05]} 4.
Nc3 {[%clk 01:32:17]} {[%emt 00:00:04]} dxc4 {[%clk 01:32:09]} {[%emt
00:00:07]} 5. e3 {[%clk 01:30:47]} {[%emt 00:01:59]} a6 {[%clk 01:32:06]}
{[%emt 00:00:33]} 6. Bxc4 {[%emt 00:02:15]} b5 {[%clk 01:32:11]} {[%emt
00:00:23]} 7. Bb3 {[%clk 01:29:28]} {[%emt 00:00:06]} Bb7 {[%clk 01:32:16]}
{[%emt 00:00:25]} 8. O-O {[%clk 01:29:36]} {[%emt 00:00:22]} Be7 {[%clk
01:31:20]} {[%emt 00:01:26]} 9. a3 {[%clk 01:22:28]} {[%emt 00:07:39]} O-O
{[%clk 01:30:20]} {[%emt 00:01:28]} 10. Bc2 {[%clk 01:18:57]} {[%emt 00:04:03]}
c5 {[%clk 01:27:02]} {[%emt 00:03:47]} 11. Re1 {[%clk 01:11:12]} {[%emt
00:08:15]} Nbd7 {[%clk 01:18:14]} {[%emt 00:09:18]} 12. dxc5 {[%clk 01:04:05]}
{[%emt 00:07:37]} Nxc5 {[%clk 01:17:02]} {[%emt 00:01:41]} 13. b4 {[%clk
01:01:42]} {[%emt 00:02:53]} Nce4 {[%clk 01:12:55]} {[%emt 00:04:37]} 14. Nxe4
{[%clk 01:00:25]} {[%emt 00:01:47]} Bxe4 {[%clk 01:08:07]} {[%emt 00:05:19]}
15. Bxe4 {[%clk 00:58:11]} {[%emt 00:02:43]} Nxe4 {[%clk 01:08:17]} {[%emt
00:00:20]} 16. Bb2 {[%clk 00:57:56]} {[%emt 00:00:46]} Bf6 {[%clk 01:04:56]}
{[%emt 00:03:51]} 17. Bxf6 {[%clk 00:55:13]} {[%emt 00:03:13]} Nxf6 {[%clk
01:02:09]} {[%emt 00:03:17]} 18. Rc1 {[%clk 00:48:05]} {[%emt 00:07:37]} Rc8
{[%clk 01:00:25]} {[%emt 00:02:15]} 19. Nd4 {[%clk 00:44:08]} {[%emt 00:04:27]}
Qb6 {[%clk 00:57:12]} {[%emt 00:03:43]} 20. Qb3 {[%clk 00:37:24]} {[%emt
00:07:14]} Rc7 {[%clk 00:51:47]} {[%emt 00:05:55]} 21. Rc2 {[%clk 00:34:39]}
{[%emt 00:03:15]} Rfc8 {[%clk 00:49:35]} {[%emt 00:02:42]} 22. Rec1 {[%clk
00:34:46]} {[%emt 00:00:23]} h6 {[%clk 00:48:19]} {[%emt 00:01:45]} 23. h3
{[%clk 00:34:59]} {[%emt 00:00:16]} Nd5 {[%clk 00:46:22]} {[%emt 00:02:27]} 24.
Rxc7 {[%clk 00:28:57]} {[%emt 00:06:34]} Rxc7 {[%clk 00:46:33]} {[%emt
00:00:18]} 25. Rxc7 {[%clk 00:28:35]} {[%emt 00:00:52]} Qxc7 {[%clk 00:46:30]}
{[%emt 00:00:34]} 26. Qc2 {[%clk 00:28:56]} {[%emt 00:00:07]} Qxc2 {[%clk
00:44:18]} {[%emt 00:02:43]} 27. Nxc2 {[%clk 00:29:25]} {[%emt 00:00:02]} Nb6
{[%clk 00:39:22]} {[%emt 00:05:25]} 28. Kf1 {[%clk 00:29:09]} {[%emt 00:00:45]}
Kf8 {[%clk 00:39:25]} {[%emt 00:00:27]} 29. Ke2 {[%clk 00:29:26]} {[%emt
00:00:13]} Ke7 {[%clk 00:39:23]} {[%emt 00:00:32]} 30. Kd3 {[%clk 00:28:39]}
{[%emt 00:01:16]} Kd6 {[%clk 00:38:56]} {[%emt 00:00:58]} 31. Kc3 {[%clk
00:21:33]} {[%emt 00:07:36]} 1/2-1/2

[Event "DEM U16w 2023"]
[Site "Willingen GER"]
[Date "2023.06.01"]
[Round "7"]
[White "Bursan, Ana-Maria"]
[Black "Bräutigam, Katerina"]
[Result "0-1"]
[Termination "normal"]
[Board "6"]
[WhiteElo "1412"]
[BlackElo "1956"]
[WhiteClock "00:00:40"]
[BlackClock "00:17:39"]
[PlyCount "71"]
[WhiteFideId "34620150"]
[BlackFideId "16242980"]
[EventCountry "GER"]
[EventRounds "9"]
[EventType "swiss"]
[EventDate "2023.05.27"]

1. d4 {[%clk 01:30:57]} {[%emt 00:00:02]} Nf6 {[%clk 01:30:56]} {[%emt
00:00:04]} 2. Bf4 {[%clk 01:31:00]} {[%emt 00:00:28]} d5 {[%clk 01:31:22]}
{[%emt 00:00:04]} 3. e3 {[%clk 01:30:57]} {[%emt 00:00:33]} c5 {[%clk
01:31:44]} {[%emt 00:00:08]} 4. c3 {[%clk 01:30:04]} {[%emt 00:01:23]} Nc6
{[%clk 01:31:49]} {[%emt 00:00:25]} 5. Nd2 {[%clk 01:29:08]} {[%emt 00:01:26]}
g6 {[%clk 01:31:21]} {[%emt 00:00:59]} 6. Ngf3 {[%clk 01:26:14]} {[%emt
00:03:23]} cxd4 {[%clk 01:27:22]} {[%emt 00:04:30]} 7. exd4 {[%clk 01:23:34]}
{[%emt 00:03:10]} Bg7 {[%clk 01:27:40]} {[%emt 00:00:12]} 8. Bd3 {[%clk
01:21:00]} {[%emt 00:03:04]} O-O {[%clk 01:27:56]} {[%emt 00:00:14]} 9. O-O
{[%clk 01:19:22]} {[%emt 00:02:07]} Bf5 {[%clk 01:28:13]} {[%emt 00:00:12]} 10.
Bxf5 {[%clk 01:15:38]} {[%emt 00:04:15]} gxf5 {[%clk 01:28:36]} {[%emt
00:00:07]} 11. Re1 {[%clk 01:10:58]} {[%emt 00:05:10]} e6 {[%clk 01:28:22]}
{[%emt 00:00:43]} 12. Ne5 {[%clk 01:09:21]} {[%emt 00:02:07]} Ne4 {[%clk
01:27:03]} {[%emt 00:01:49]} 13. Nxe4 {[%clk 01:04:22]} {[%emt 00:05:30]} fxe4
{[%clk 01:25:04]} {[%emt 00:02:29]} 14. Re3 {[%clk 01:01:35]} {[%emt 00:03:17]}
Qh4 {[%clk 01:08:01]} {[%emt 00:17:32]} 15. Ng4 {[%clk 00:50:46]} {[%emt
00:11:19]} f5 {[%clk 00:56:29]} {[%emt 00:12:02]} 16. Bd6 {[%clk 00:29:26]}
{[%emt 00:21:51]} Rfd8 {[%clk 00:51:21]} {[%emt 00:05:38]} 17. Ne5 {[%clk
00:24:40]} {[%emt 00:05:15]} Rxd6 {[%clk 00:50:23]} {[%emt 00:01:27]} 18. Rh3
{[%clk 00:23:39]} {[%emt 00:01:32]} Qg5 {[%clk 00:45:58]} {[%emt 00:04:54]} 19.
f4 {[%clk 00:22:05]} {[%emt 00:02:04]} Qxf4 {[%clk 00:40:06]} {[%emt 00:06:22]}
20. Qh5 {[%clk 00:20:23]} {[%emt 00:02:13]} Nxe5 {[%clk 00:39:22]} {[%emt
00:01:13]} 21. dxe5 {[%clk 00:16:48]} {[%emt 00:04:06]} Qxe5 {[%clk 00:35:21]}
{[%emt 00:04:30]} 22. Qxh7+ {[%clk 00:16:24]} {[%emt 00:00:55]} Kf7 {[%clk
00:33:14]} {[%emt 00:02:36]} 23. Rg3 {[%clk 00:12:52]} {[%emt 00:04:02]} Rh8
{[%clk 00:29:53]} {[%emt 00:03:51]} 24. Qg6+ {[%clk 00:13:20]} {[%emt
00:00:02]} Kf8 {[%clk 00:30:11]} {[%emt 00:00:12]} 25. Qg5 {[%clk 00:06:50]}
{[%emt 00:07:00]} Bh6 {[%clk 00:25:01]} {[%emt 00:05:39]} 26. Qg6 {[%clk
00:05:41]} {[%emt 00:01:39]} Rd7 {[%clk 00:20:51]} {[%emt 00:04:42]} 27. Kf1
{[%clk 00:00:52]} {[%emt 00:05:18]} Rg7 {[%clk 00:19:12]} {[%emt 00:02:08]} 28.
Qh5 {[%clk 00:01:01]} {[%emt 00:00:22]} Rxg3 {[%clk 00:19:19]} {[%emt
00:00:22]} 29. hxg3 {[%clk 00:01:26]} {[%emt 00:00:06]} Be3 {[%clk 00:18:47]}
{[%emt 00:01:01]} 30. Qg6 {[%clk 00:00:53]} {[%emt 00:01:03]} Rh6 {[%clk
00:18:38]} {[%emt 00:00:39]} 31. Qxh6+ {[%clk 00:00:46]} {[%emt 00:00:38]} Bxh6
{[%clk 00:19:00]} {[%emt 00:00:08]} 32. Kf2 {[%clk 00:00:56]} {[%emt 00:00:20]}
e3+ {[%clk 00:19:06]} {[%emt 00:00:24]} 33. Kf3 {[%clk 00:00:36]} {[%emt
00:00:51]} Qe4+ {[%clk 00:17:42]} {[%emt 00:01:55]} 34. Ke2 {[%clk 00:00:55]}
{[%emt 00:00:11]} Qxg2+ {[%clk 00:17:19]} {[%emt 00:00:54]} 35. Kd3 {[%clk
00:00:40]} {[%emt 00:00:44]} Qd2# {[%clk 00:17:39]} {[%emt 00:00:10]} 36. Kd4
{[%emt 00:00:25]} 0-1